Revue de droit international privé et de droit pénal international / (Record no. 2050)

MARC details
000 -LEADER
campo de control de longitud fija 00936nas a2200229 i 4500
001 - NÚMERO DE CONTROL
campo de control 2050
003 - IDENTIFICADOR DE NÚMERO DE CONTROL
campo de control ES-MaACL
005 - FECHA Y HORA DE LA ÚLTIMA TRANSACCIÓN
campo de control 20260220184346.0
007 - CAMPO FIJO DE DESCRIPCIÓN FÍSICA--INFORMACIÓN GENERAL
campo de control de longitud fija t|
008 - DATOS DE LONGITUD FIJA--INFORMACIÓN GENERAL
campo de control de longitud fija 950801d19051921fr | | 1 ||re d
245 00 - MENCIÓN DEL TÍTULO
Título Revue de droit international privé et de droit pénal international /
Mención de responsabilidad, etc. publiée par A. Darras, rédacteur en chef ; sous le patronage de A. Lainé ... [et al.] ; avec la collaboration de jurisconsultes, magistrats et professeurs, français et étrangers ; secrétaire de la rédaction, P. Goulé.
260 ## - PUBLICACIÓN, DISTRIBUCIÓN, ETC.
Lugar de publicación, distribución, etc. Paris :
Nombre del editor, distribuidor, etc. L. Larose et L. Tenin,
Fecha de publicación, distribución, etc. 1905-1921 (
Lugar de fabricación/manufactura Bar-le-Duc :
Fabricante Contant Laguerre)
300 ## - DESCRIPCIÓN FÍSICA
Extensión 1 v. ;
Dimensiones 24 cm.
362 0# - FECHAS DE PUBLICACIÓN Y/O DESIGNACIÓN SECUENCIAL
Fecha de publicación y/o designación secuencial T. 1 (1905)- T. 17 (1921)
650 17 - PUNTO DE ACCESO ADICIONAL DE MATERIA--TÉRMINO DE MATERIA
Término de materia o nombre geográfico como elemento de entrada Derecho
Fuente del encabezamiento o término embne
9 (RLIN) 11602
700 1# - ENTRADA AGREGADA--NOMBRE PERSONAL
Nombre de persona Darras, Alcide,
Fechas asociadas al nombre 1861-1908
9 (RLIN) 165329
700 1# - ENTRADA AGREGADA--NOMBRE PERSONAL
Nombre de persona Lainé, Armand,
Fechas asociadas al nombre 1841-1908
9 (RLIN) 165330
700 0# - ENTRADA AGREGADA--NOMBRE PERSONAL
Nombre de persona Goulé, Paul.
9 (RLIN) 59342
852 ## - LOCALIZACIÓN
Ubicación ES-MaACL
Número de control de estantería Hem-419
866 #0 - MENCIÓN TEXTUAL DE FONDOS--UNIDAD BIBLIOGRÁFICA BÁSICA
Fondos 1909.
Holdings
Estatus retirado Estado de pérdida Estado de daño No para préstamo Colección Biblioteca de origen Biblioteca actual Ubicación en estantería Fecha de adquisición Fuente de adquisición Total de préstamos Signatura topográfica completa Código de barras Visto por última vez Precio de reemplazo Tipo de ítem Koha
        Periódicos y Revistas Biblioteca del Ateneo de Madrid Biblioteca del Ateneo de Madrid Depósito 1 17/01/2008     Hem-419 1002089 23/02/2023 23/02/2023 Revista